|
|
|
|
| LEADER |
00670cam a2200205 7i4500 |
| 001 |
0000027712 |
| 005 |
20020829090000.0 |
| 020 |
# |
0 |
|a 0071160361
|
| 090 |
0 |
0 |
|a QA 303
|b A985 1999
|
| 100 |
1 |
# |
|a Ayres, Jr.
|
| 245 |
1 |
0 |
|a Schaum's outline of calculus
|c Frank Ayres, Jr., Elliot.
|
| 250 |
# |
# |
|a 4th. ed..
|
| 260 |
# |
# |
|a New York:
|b McGraw-Hill,
|c 1999.
|
| 300 |
# |
# |
|a ix, 578p.:
|b ill.;
|c 28 cm..
|
| 490 |
0 |
0 |
|a Schaum's outline series
|
| 500 |
# |
# |
|a Includes index
|
| 650 |
0 |
0 |
|a Calculus --
|x Outlines, syllabi, etc.
|
| 650 |
0 |
0 |
|a Calculus --
|x Problems, exercises, etc.
|
| 700 |
1 |
1 |
|a Mendelson,
|h Elliott
|
| 999 |
|
|
|a 1100008969
|b Book
|c Bahan Pinjaman Jangka Panjang
|e KOLEKSI PERPUSTAKAAN
|